All-Time Scottish Football Honours - Statistics

General Stats
  • This quiz has been taken 210 times
  • The average score is 16 of 23
Answer Stats
Club % Correct
Celtic
99%
Rangers
99%
Aberdeen
93%
Heart of Midlothian
93%
Dundee
90%
Hibernian
90%
Dundee United
81%
Kilmarnock
76%
St Johnstone
74%
Motherwell
72%
Inverness CT
69%
St Mirren
68%
Dunfermline Athletic
61%
Queen's Park
61%
Falkirk
58%
Raith Rovers
56%
Ross County
56%
Livingston
53%
Partick Thistle
53%
Dumbarton
48%
Clyde
40%
East Fife
37%
Greenock Morton
35%
No matching quizzes found
Score Distribution
Percent of People with Each Score
Percentile by Number Answered
Your Score History
You have not taken this quiz